000 01521naa a2200241 i 4500
001 1309
003 KOSZ 005
005 20190610114404.0
008 160128s2007 pl f |100 0 pol
040 _cBPK
_dKOSZ 005/EG
080 _a004.89
100 1 _aPRĄDZIŃSKI, Marcin - doktorant.
_bPolitechnika Koszalińska - Wydział Mechaniczny
245 1 0 _aSystem sztucznej inteligencji do doboru składników ściernicy hybrydowej /
_cMarcin Prądziński.
500 _aDane z autopsji.
520 _aPrzedstawiono możliwość zastosowania sztucznej inteligencji w postaci sieci neuronowej przy doborze składników nowoczesnych narzędzi zwanych ściernicami hybrydowymi. Dotychczas znane metody pozwalały na budowanie ściernic hybrydowych na podstawie doboru materiału w sposób intuicyjny lub przypadkowy. Odpowiednio zaprogramowana sieć neuronowa pozwala na uzyskanie konkretnej odpowiedzi na zadany problem. Uzyskane rozwiązanie pozwala na zbudowanie nowych narzędzi.
650 0 _aInteligencja sztuczna.
650 0 _aSieci neuronowe.
655 0 _aMateriały konferencyjne.
650 0 _aŚciernica
773 0 _iW :
_tCAX'2006 : komputerowe wspomaganie nauki i techniki : III warsztaty naukowe, Bydgoszcz - Duszniki Zdrój 2006 : praca zbiorowa / pod red. Tadeusza Mikołajczyka. -
_dBydgoszcz : Wydaw. Uczelniane Uniwersytetu Technologiczno-Przyrodniczego, 2007. -
_gs. 81-84
711 2 2 _aCAX'2006
_n(3 ;
_d2006 ;
_cDuszniki Zdrój, Polska).
_pCAX'2006
942 _cROZ
_2UKD
999 _c1309
_d1309